Vainqueurs du trophée Gerd Müller - Statistiques

Statistiques générales
  • Ce quiz a été pris 55 fois
    35 depuis la dernière actualisation
  • Le résultat moyen est 4 sur 5
Statistiques - réponses
Année Vainqueur % Correct
2024 Harry Kane
100%
2024 Kylian Mbappé
97%
2023 Erling Haaland
86%
2022 Robert Lewandowski
83%
2021 Robert Lewandowski
83%
Aucun quiz correspondant
Distribution des résultats
% des personnes avec chaque résultat
Percentile par nombre de réponses
Votre historique - résultats
Vous n’avez pas pris ce quiz depuis la dernière actualisation